<?xml version="1.0" encoding="UTF-8"?>
<record
    xmlns:xsi="http://www.w3.org/2001/XMLSchema-instance"
    xsi:schemaLocation="http://www.loc.gov/MARC21/slim http://www.loc.gov/standards/marcxml/schema/MARC21slim.xsd"
    xmlns="http://www.loc.gov/MARC21/slim">

  <leader>01010nam a2200217 a 4500</leader>
  <datafield tag="999" ind1=" " ind2=" ">
    <subfield code="c">1081</subfield>
    <subfield code="d">1081</subfield>
  </datafield>
  <controlfield tag="001">1081</controlfield>
  <controlfield tag="003">CDMR</controlfield>
  <controlfield tag="005">20230629162906.0</controlfield>
  <controlfield tag="008">130130s1998||||sp |||||||||||||||||spa|d</controlfield>
  <datafield tag="020" ind1=" " ind2=" ">
    <subfield code="a">840359934X</subfield>
  </datafield>
  <datafield tag="040" ind1=" " ind2=" ">
    <subfield code="a">CDMR</subfield>
    <subfield code="b">cat</subfield>
    <subfield code="c">CPC LLEIDA</subfield>
  </datafield>
  <datafield tag="100" ind1="1" ind2=" ">
    <subfield code="a">Rivi&#xE8;re, Margarita</subfield>
    <subfield code="9">849</subfield>
  </datafield>
  <datafield tag="245" ind1="1" ind2="3">
    <subfield code="a">El segundo poder : cincuenta y cuatro entrevistas sobre los grandes cambios del periodismo actual</subfield>
    <subfield code="c">Margarita Rivi&#xE8;re</subfield>
  </datafield>
  <datafield tag="260" ind1=" " ind2=" ">
    <subfield code="a">Madrid</subfield>
    <subfield code="c">1998</subfield>
    <subfield code="b">El Pa&#xED;s Aguilar</subfield>
  </datafield>
  <datafield tag="500" ind1=" " ind2=" ">
    <subfield code="a">Recull d'entrevistes a Umberto Eco, Hans MAgnus Enzensberger, Ignacio Ramonet, Alain Touraine, Jean Daniel, Juan Luis Cebri&#xE1;n, Joaqu&#xED;n Estefan&#xED;a, Miguel &#xC1;ngel Gozalo, Fernando Delgado, Luis del Olmo, Julia Otero, Fabrizio Caivano, Lorenzo Gomis, Manuel Leguineche, Gabriel Pernau, Josep PErnau, Josep Cun&#xED;, Xavier Sard&#xE0; i Enric Sopena, entre d'altres.</subfield>
  </datafield>
  <datafield tag="650" ind1="0" ind2="4">
    <subfield code="9">3156</subfield>
    <subfield code="a">Societat de la informaci&#xF3;</subfield>
  </datafield>
  <datafield tag="650" ind1="0" ind2="4">
    <subfield code="9">1545</subfield>
    <subfield code="a">Premsa</subfield>
  </datafield>
  <datafield tag="650" ind1="0" ind2="4">
    <subfield code="9">3092</subfield>
    <subfield code="a">Ind&#xFA;stria audiovisual</subfield>
  </datafield>
  <datafield tag="650" ind1="0" ind2="4">
    <subfield code="9">4266</subfield>
    <subfield code="a">Intervius</subfield>
  </datafield>
  <datafield tag="942" ind1=" " ind2=" ">
    <subfield code="c">MON</subfield>
    <subfield code="2">udc</subfield>
  </datafield>
  <datafield tag="952" ind1=" " ind2=" ">
    <subfield code="0">0</subfield>
    <subfield code="1">0</subfield>
    <subfield code="4">0</subfield>
    <subfield code="7">0</subfield>
    <subfield code="a">LLEIDA</subfield>
    <subfield code="b">LLEIDA</subfield>
    <subfield code="d">2011-08-08</subfield>
    <subfield code="l">0</subfield>
    <subfield code="o">505PER</subfield>
    <subfield code="p">LLEIDA1312613857</subfield>
    <subfield code="r">2013-01-16</subfield>
    <subfield code="w">2013-01-16</subfield>
    <subfield code="y">MON</subfield>
  </datafield>
  <datafield tag="952" ind1=" " ind2=" ">
    <subfield code="0">0</subfield>
    <subfield code="1">0</subfield>
    <subfield code="4">0</subfield>
    <subfield code="7">0</subfield>
    <subfield code="a">CDMR</subfield>
    <subfield code="b">CDMR</subfield>
    <subfield code="d">2013-01-16</subfield>
    <subfield code="l">4</subfield>
    <subfield code="m">3</subfield>
    <subfield code="o">Am /20</subfield>
    <subfield code="p">CDMR13056509</subfield>
    <subfield code="r">2023-10-24</subfield>
    <subfield code="s">2023-06-29</subfield>
    <subfield code="w">2013-01-16</subfield>
    <subfield code="y">MON</subfield>
  </datafield>
</record>
